Elementary Food Science (Record no. 6302)

MARC details
000 -LEADER
fixed length control field 00529nam a22002057a 4500
003 - CONTROL NUMBER IDENTIFIER
control field OSt
005 - DATE AND TIME OF LATEST TRANSACTION
control field 20190905110608.0
008 - FIXED-LENGTH DATA ELEMENTS--GENERAL INFORMATION
fixed length control field 190905b ||||| |||| 00| 0 eng d
020 ## - INTERNATIONAL STANDARD BOOK NUMBER
International Standard Book Number 0834216574
040 ## - CATALOGING SOURCE
Transcribing agency DDC
082 ## - DEWEY DECIMAL CLASSIFICATION NUMBER
Classification number QU145 V676c 1996
100 ## - MAIN ENTRY--PERSONAL NAME
Personal name Viera, Ernest R.
9 (RLIN) 12925
245 ## - TITLE STATEMENT
Title Elementary Food Science
250 ## - EDITION STATEMENT
Edition statement 4th ed.
260 ## - PUBLICATION, DISTRIBUTION, ETC. (IMPRINT)
Place of publication, distribution, etc. New York;
Name of publisher, distributor, etc. Chapman & hall
Date of publication, distribution, etc. 1996
300 ## - PHYSICAL DESCRIPTION
Extent xix,423p;
Other physical details Ill:
Dimensions 25cm
504 ## - BIBLIOGRAPHY, ETC. NOTE
Bibliography, etc References, & index included
650 ## - SUBJECT ADDED ENTRY--TOPICAL TERM
Topical term or geographic name as entry element Food science
9 (RLIN) 12922
942 ## - ADDED ENTRY ELEMENTS (KOHA)
Source of classification or shelving scheme Other/Generic Classification Scheme
Koha item type Book Bank
Holdings
Withdrawn status Lost status Source of classification or shelving scheme Damaged status Not for loan Home library Current library Date acquired Source of acquisition Inventory number Total Checkouts Full call number Barcode Date last seen Koha item type
    Other/Generic Classification Scheme     MUST Main Library MUST Main Library 05/09/2019 Purchase 19/40791   QU145 V676c 1996 2019-0395 05/09/2019 Open Shelf
    Other/Generic Classification Scheme     MUST Main Library MUST Main Library 05/09/2019 Purchase 19/40792   QU145 V676c 1996 2019-0396 05/09/2019 Open Shelf
    Other/Generic Classification Scheme     MUST Main Library MUST Main Library 05/09/2019 Purchase 19/40793   QU145 V676c 1996 2019-0397 05/09/2019 Open Shelf
    Other/Generic Classification Scheme     MUST Main Library MUST Main Library 05/09/2019 Purchase 19/40794   QU145 V676c 1996 2019-0398 05/09/2019 Open Shelf